00434nam a2200157Ia 450000500170000000800410001702000180005803700130007604000200008904100130010908400210012210000180014324500640016126000420022530000090026720250326144907.0250326s9999 xx 000 0 und d a81-7758-968-7 aTextbook aFMSLbengcFMSL aeng2eng aX:545.1 P5qFMSL aAlbaum Gerald 0aInternational marketing and export mangementcAlbaum Gerald aIndiabIndia, Pearson educationc2006 a658p